HPLC for Pharmaceutical Scientists (Record no. 67670)
[ view plain ]
| 000 -LEADER | |
|---|---|
| fixed length control field | 00422nam a22001697a 4500 |
| 003 - CONTROL NUMBER IDENTIFIER | |
| control field | OSt |
| 005 - DATE AND TIME OF LATEST TRANSACTION | |
| control field | 20260326093153.0 |
| 008 - FIXED-LENGTH DATA ELEMENTS--GENERAL INFORMATION | |
| fixed length control field | 260326b |||||||| |||| 00| 0 eng d |
| 020 ## - INTERNATIONAL STANDARD BOOK NUMBER | |
| International Standard Book Number | 9788126528554 |
| 040 ## - CATALOGING SOURCE | |
| Transcribing agency | IIMT UNIVERSITY MEERUT |
| 100 ## - MAIN ENTRY--PERSONAL NAME | |
| Personal name | Yuri Kazakevich |
| 245 ## - TITLE STATEMENT | |
| Title | HPLC for Pharmaceutical Scientists |
| 250 ## - EDITION STATEMENT | |
| Edition statement | 2011 |
| 260 ## - PUBLICATION, DISTRIBUTION, ETC. | |
| Place of publication, distribution, etc. | NEW DELHI |
| Name of publisher, distributor, etc. | WILEY INDIA PVT. LTD. |
| 300 ## - PHYSICAL DESCRIPTION | |
| Extent | 1104 |
| 942 ## - ADDED ENTRY ELEMENTS (KOHA) | |
| Source of classification or shelving scheme | |
| Koha item type | Text-Book- for 7 days |
| Withdrawn status | Lost status | Source of classification or shelving scheme | Damaged status | Not for loan | Home library | Current library | Date acquired | Inventory number | Total Checkouts | Barcode | Date last seen | Price effective from | Koha item type |
|---|---|---|---|---|---|---|---|---|---|---|---|---|---|
| IIMT SCHOOL OF PHARMACEUTICAL SCIENCES | IIMT SCHOOL OF PHARMACEUTICAL SCIENCES | 03/26/2026 | GD/IN/406 14/03/2026 | 27-B-2503 | 03/26/2026 | 03/26/2026 | Text-Book- for 7 days | ||||||
| IIMT SCHOOL OF PHARMACEUTICAL SCIENCES | IIMT SCHOOL OF PHARMACEUTICAL SCIENCES | 03/26/2026 | GD/IN/406 14/03/2026 | 27-B-2504 | 03/26/2026 | 03/26/2026 | Text-Book- for 7 days |

